The family pig raising systems of farmers in sangke district battambang province,​ប្រព័ន្ធចិញ្ចឹមសត្វជ្រូកជាលក្ខណៈគ្រួសាររបស់កសិករក្នុង ស្រុកសង្កែ ខេត្តបាត់ដំបង (Record no. 1718)

000 -LEADER
fixed length control field 00678nam a22001577a 4500
003 - CONTROL NUMBER IDENTIFIER
control field OSt
005 - DATE AND TIME OF LATEST TRANSACTION
control field 20151002172110.0
008 - FIXED-LENGTH DATA ELEMENTS--GENERAL INFORMATION
fixed length control field 151002b xxu||||| |||| 00| 0 eng d
040 ## - CATALOGING SOURCE
Transcribing agency RUA
082 ## - DEWEY DECIMAL CLASSIFICATION NUMBER
Classification number AVM KEN 1995 B068 Or.1
100 ## - MAIN ENTRY--PERSONAL NAME
9 (RLIN) 1819
Personal name KEN, CHANSOCHEAT.
245 ## - TITLE STATEMENT
Title The family pig raising systems of farmers in sangke district battambang province,​ប្រព័ន្ធចិញ្ចឹមសត្វជ្រូកជាលក្ខណៈគ្រួសាររបស់កសិករក្នុង ស្រុកសង្កែ ខេត្តបាត់ដំបង
260 ## - PUBLICATION, DISTRIBUTION, ETC. (IMPRINT)
Place of publication, distribution, etc. Phnom Penh
Name of publisher, distributor, etc. RUA
Date of publication, distribution, etc. 1995
300 ## - PHYSICAL DESCRIPTION
Extent 84p.
Other physical details ill.
Dimensions 29cm.
942 ## - ADDED ENTRY ELEMENTS (KOHA)
Source of classification or shelving scheme
Koha item type AVM
Holdings
Price effective from Date last seen Permanent Location Not for loan Date acquired Source of classification or shelving scheme Koha item type Barcode Lost status Damaged status Shelving location Withdrawn status Current Location Full call number
2015-10-022015-10-02Library Block B 2015-10-02 AVMRUA008131  B068 Library Block BAVM KEN 1995 B068 Or.1
2015-10-022015-10-02Library Block B 2015-10-02 AVMRUA007005  B068 Library Block BAVM KEN 1995 B068 Or.2
2015-10-022015-10-02Library Block B 2015-10-02 AVMRUA008336  B068 Library Block BAVM KEN 1995 B068 Or.3
មជ្ឈមណ្ឌលឯការនៃសាកលវិទ្យាល័យភូមិន្ទកសិកម្មចំការដូង

Powered by Koha